| 000 -LEADER |
| fixed length control field |
00468nam a22001577a 4500 |
| 008 - FIXED-LENGTH DATA ELEMENTS--GENERAL INFORMATION |
| fixed length control field |
200210b ||||| |||| 00| 0 eng d |
| 020 ## - INTERNATIONAL STANDARD BOOK NUMBER |
| International Standard Book Number |
8175980109 |
| 100 ## - MAIN ENTRY--PERSONAL NAME |
| 9 (RLIN) |
1603 |
| Personal name |
Stevens, Edward F. |
| 245 10 - TITLE STATEMENT |
| Title |
Shipping practice : with a consideration of the relevant law |
| 250 ## - EDITION STATEMENT |
| Edition statement |
11th ed. |
| 260 ## - PUBLICATION, DISTRIBUTION, ETC. (IMPRINT) |
| Place of publication, distribution, etc |
London |
| Name of publisher, distributor, etc |
Pitman |
| Date of publication, distribution, etc |
1981 |
| 300 ## - PHYSICAL DESCRIPTION |
| Extent |
174p |
| 650 #0 - SUBJECT ADDED ENTRY--TOPICAL TERM |
| Topical term or geographic name as entry element |
Maritime Law |
| 700 ## - ADDED ENTRY--PERSONAL NAME |
| 9 (RLIN) |
1604 |
| Personal name |
Butterfield, C.S.J |
| 942 ## - ADDED ENTRY ELEMENTS (KOHA) |
| Item type |
Books |